banner-ar

A SEMIOTICS OF THE DRAMATIC TEXT / (Record no. 24864)

MARC details
000 -الفاتح
حقل البيانات ثابتة الطول 00352nam a2200133Ia 4500
008 - عناصر البيانات ثابتة الطول - معلومات عامة
حقل البيانات ثابتة الطول 140319s9999 xx 000 0 eng d
040 ## - مصدر الفهرسة
وكالة الفهرسة الأصلية GCL /
وكالة النسخ GCL
082 04 - رقم تصنيف ديوى العشرى
رقم التصنيف 792
رقم المادة M S
100 1# - المدخل الرئيسى - إسم شخصى
الإسم الشخصى MELROSE, SUSAN
245 10 - بيان العنوان
العنوان A SEMIOTICS OF THE DRAMATIC TEXT /
بيان المسئوليه,etc MELROSE, SUSAN
260 ## - PUBLICATION, DISTRIBUTION, ETC. (IMPRINT)
تاريخ النشر أو التوزيع 1994
300 ## - الوصف المادى
التعداد 338
260 ## - PUBLICATION, DISTRIBUTION, ETC. (IMPRINT)
-- [S.N] :
-- MACMILLAN PRESS LTD ،
Holdings
حالة التراجع حالة الفقد حالة تلف ليس للاعارة المكان المؤقت الموقع الحالى تاريخ الاكتساب اجمالي اﻻعارات رقم الطلب الباركود تاريخ اخر مشاهدة تاريخ تفعيل السعر نوع وعاء كوها
        مكتبة القاهرة الكبرى مكتبة القاهرة الكبرى 03/26/2014   792\M S 43962 03/26/2014 03/26/2014 كتاب

Powered By

EGPV